| 000 | 00811nam a2200193 i 4500 | ||
|---|---|---|---|
| 001 | 53113 | ||
| 003 | ES-MaACL | ||
| 005 | 20251001144822.0 | ||
| 007 | t| | ||
| 008 | 940301s1872 sp |||| | spa d | ||
| 100 | 1 |
_aDu Boys, Albert. _9126846 |
|
| 245 | 1 | 0 |
_aHistoria del derecho penal de España / _cpor Alberto du Boys para servir de continuación a la Historia del derecho penal de los pueblos modernos, del mismo autor ; versión al castellano, anotada y adicionada con apéndices por José Vicente y Caravantes. |
| 260 |
_aMadrid : _b[s.n.], _c1872 ( _fImp. de José María Pérez) |
||
| 300 |
_aVII, 568 p. ; _c20 cm. |
||
| 650 | 0 | 4 |
_aDerecho penal- _zEspaña- _vHistoria. _911754 |
| 700 | 1 |
_aVicente y Caravantes, José, _dca. 1820-1880 _9133668 |
|
| 852 |
_aES-MaACL _jD-5114 |
||
| 999 |
_c53113 _d53113 |
||